Lo esencial en el periodismo: ayer, hoy y mañana
Պահպանված է:
| Հիմնական հեղինակ: | |
|---|---|
| Ձևաչափ: | Գիրք |
| Լեզու: | իսպաներեն |
| Հրապարակվել է: |
Santiago
Radio Universidad de Chile
2008
|
| Շարք: | Colección Estudios
|
| Խորագրեր: | |
| Ցուցիչներ: |
Ավելացրեք ցուցիչ
Չկան պիտակներ, Եղեք առաջինը, ով նշում է այս գրառումը!
|
MARC
| LEADER | 00000nam a2200000 a 4500 | ||
|---|---|---|---|
| 001 | UCG3469 | ||
| 003 | CL-VaPUC | ||
| 008 | 100826e20081100CL |||||||||||||||||spa|d | ||
| 020 | |a 9789563324952 | ||
| 082 | 0 | 4 | |a 070 |b CAR |2 21 |
| 100 | 0 | |a Cárdenas Squella, Juan Pablo |e author |9 552644 | |
| 245 | 1 | 3 | |a Lo esencial en el periodismo: ayer, hoy y mañana |
| 300 | |a 113 p | ||
| 942 | |c BK | ||
| 945 | |d 20100826 00:00:00 |a mfarfan | ||
| 260 | |a Santiago |b Radio Universidad de Chile |c 2008 | ||
| 650 | 0 | |a Periodismo |9 310113 | |
| 650 | 0 | |a Géneros periodísticos |9 552645 | |
| 650 | 0 | |a Entrevistas |9 265537 | |
| 583 | |a last modification |c 20100826 00:00:00 |k Rodrigo Vera | ||
| 490 | 0 | |a Colección Estudios | |
| 999 | |c 342536 |d 342534 | ||
| 952 | |0 0 |1 0 |4 0 |6 070_000000000000000_CAR_2008 |7 0 |8 A |9 438777 |a BIBCUR |b BIBCUR |d 2019-11-22 |i 4709500 |o 070 CAR 2008 |p 4709500 |r 2025-04-22 |w 2019-11-22 |y BK |k PER | ||
| 952 | |0 0 |1 0 |4 0 |6 070_000000000000000_CAR_2008 |7 0 |8 A |9 438778 |a BIBCUR |b BIBCUR |d 2019-11-22 |i 4709519 |o 070 CAR 2008 |p 4709519 |r 2025-04-22 |w 2019-11-22 |y BK |k PER | ||
| 952 | |0 0 |1 0 |4 0 |6 070_000000000000000_CAR_2008 |7 0 |8 A |9 438779 |a BIBCUR |b BIBCUR |d 2019-11-22 |i 4709527 |o 070 CAR 2008 |p 4709527 |r 2025-04-22 |w 2019-11-22 |y BK |k PER | ||